Вып. 33 : Рудничная аэрология и безопасность труда в шахтах: [сборник статей]; Научные сообщения

Dades bibliogràfiques
Parent link:Научные сообщения: [сборник статей]/ Академия наук СССР (АН СССР), Институт горного дела им. А. А. Скочинского (ИГД); отв. ред. Г. Д. Лидин. Вып. 33 : Рудничная аэрология и безопасность труда в шахтах.— .— Москва: Недра, 1959-1988
Altres autors: Лидин Г. Д. (редактор)
Idioma:rus
Publicat: 1967
Matèries:
Format: MixedMaterials Llibre
KOHA link:https://koha.lib.tpu.ru/cgi-bin/koha/opac-detail.pl?biblionumber=677526

MARC

LEADER 00000nam2a2200000 4500
001 677526
005 20250115095032.0
035 |a (RuTPU)RU\TPU\book\136476 
090 |a 677526 
100 |a 20241217d1967 k y0rusy50 ca 
101 0 |a rus 
102 |a RU 
105 |a a z 001zy 
181 0 |a i   |b  e  
182 0 |a n 
183 0 |a nc  |2 RDAcarrier 
200 0 |a Вып. 33 : Рудничная аэрология и безопасность труда в шахтах  |e [сборник статей]  |f отв. ред. Г. Д. Лидин 
203 |a Текст  |b визуальный  |c непосредственный 
210 |d 1967 
215 |a 119 с.  |c ил. 
283 |a volume  |2 RDAcarrier 
320 |a Библиогр. в конце ст. 
461 1 |0 677189  |9 677189  |t Научные сообщения  |o [сборник статей]  |f Академия наук СССР (АН СССР), Институт горного дела им. А. А. Скочинского (ИГД)  |g отв. ред. Г. Д. Лидин  |c Москва  |n Недра  |n Госгортехиздат  |d 1959-1988  |v Вып. 33 : Рудничная аэрология и безопасность труда в шахтах 
606 1 |a Рудничная аэрология  |9 88326 
606 1 |a Угольные шахты  |x Охрана труда  |x Научно-исследовательская работа  |x Технико-экономические расчеты  |9 79930 
610 1 |a вентиляторы 
610 1 |a нагнетательно-всасывающее проветривание 
610 1 |a карьеры 
610 1 |a взрывные работы 
610 1 |a интенсивность 
610 1 |a горные выработки 
610 1 |a газовыделение 
610 1 |a рудник "Заполярный" 
610 1 |a метанообильность 
610 1 |a кернотборник 
610 1 |a вакуумная мельница 
610 1 |a выбросоопасность 
610 1 |a камнерезные машины 
610 1 |a запыленность 
610 1 |a самовозгорание 
610 1 |a электробезопасность 
675 |a 622.4  |v 4 
675 |a 622.8  |v 4 
702 1 |a Лидин  |b Г. Д.  |4 340 
801 1 |a RU  |b 63413507  |c 20241217  |g PSBO 
801 2 |a RU  |b 63413507  |c 20241217  |g PSBO 
942 |c CR